| 000 | 02588nam0a2200337 4500 | ||
|---|---|---|---|
| 001 | RU\NLR\BIBL_A\022268506 | ||
| 005 | 20260407085355.0 | ||
| 035 | _a(NLR Aleph) 022268506 | ||
| 090 |
_a12344377 _c12344377 |
||
| 100 | _a20240702d2019 |||y0rusy50 ca | ||
| 101 | 0 | _arus | |
| 102 | _aRU | ||
| 105 | _ay z 100yy | ||
| 181 | 0 |
_ai4 _baxxe |
|
| 182 | 0 | _an | |
| 200 | 1 |
_aМузейные библиотеки в современном обществе: комплектование музейной библиотеки _eтезизы докладов XVI Научно-практической конференции, 9-11 апреля 2019 года _fМинистерство культуры Российской Федерации, Федеральное государственное бюджетное учреждение культуры "Государственный историко-культурный музей-заповедник "Московский Кремль" _gсоставитель: С. А. Костанян _gредакционная коллегия: А. Л. Баталов (ответственный редактор) [и др.] |
|
| 203 |
_aТекст _bвизуальный _cнепосредственный |
||
| 210 |
_aМосква _cГосударственный историко-культурный музей-заповедник "Московский Кремль" _d2019 |
||
| 215 |
_a55 с. _d22 |
||
| 606 | 1 |
_aБиблиотеки музеев _jСъезды, совещания и т.п _xКомплектование _yРоссийская Федерация _92646571 _3RU\NLR\AUTH\6601746124 |
|
| 686 | 1 | _aЧ734(2Р)715.2я431 | |
| 702 | 1 |
_aКостанян _bС.К. _gСейран Карленович _4220 |
|
| 702 | 1 |
_4340 _7ca _8rus _aБаталов _bА. Л. _cд-р искусствоведения _f1955- _gАндрей Леонидович _9172937 _3RU\NLR\AUTH\770172988 |
|
| 711 | 1 | 2 |
_a"Музейные библиотеки в современном обществе: комплектование музейной библиотеки", научно-практическая конференция _d16 _eМосква _f2019 _92643498 _3RU\NLR\AUTH\880617020 |
| 712 | 0 | 2 |
_4475 _a"Московский Кремль", государственный историко-культурный музей-заповедник _3RU\NLR\AUTH\8813296 _9299609 |
| 942 | _cBOOK | ||
| 980 | _aNB | ||